000 00412nam a2200157Ia 4500
008 210210b1958 xxu||||| |||| 00| 0 eng d
082 _a040/134
100 _aBOZMAN (E F). Ed.
245 _aEverymans encyclopaedia. Ed.4. Vol.5. Enablling Act-Gimson, E.
250 _a
260 _aLondon
_bJ. M. Dent and Sons Limited
_c1958
300 _av,762
440 _a5
690 _aEncyclopaedia
906 _a000344
999 _c76859
_d76859